<?xml version="1.0" encoding="UTF-8"?>
<collection xmlns="http://www.loc.gov/MARC21/slim">
 <record>
  <leader>01533cam a2200385  a4500</leader>
  <controlfield tag="001">1333528949</controlfield>
  <controlfield tag="003">DE-627</controlfield>
  <controlfield tag="005">20220609142257.0</controlfield>
  <controlfield tag="007">tu</controlfield>
  <controlfield tag="008">070410n20uuuuuugw |||||      00| ||ger c</controlfield>
  <datafield tag="015" ind1=" " ind2=" ">
   <subfield code="a">07,N03,1441</subfield>
   <subfield code="2">dnb</subfield>
  </datafield>
  <datafield tag="016" ind1="7" ind2=" ">
   <subfield code="a">982312393</subfield>
   <subfield code="2">DE-101</subfield>
  </datafield>
  <datafield tag="035" ind1=" " ind2=" ">
   <subfield code="a">(DE-627)1333528949</subfield>
  </datafield>
  <datafield tag="035" ind1=" " ind2=" ">
   <subfield code="a">(DE-576)263528944</subfield>
  </datafield>
  <datafield tag="035" ind1=" " ind2=" ">
   <subfield code="a">(DE-599)DNB982312393</subfield>
  </datafield>
  <datafield tag="040" ind1=" " ind2=" ">
   <subfield code="a">DE-627</subfield>
   <subfield code="b">ger</subfield>
   <subfield code="c">DE-627</subfield>
   <subfield code="e">rakwb</subfield>
  </datafield>
  <datafield tag="041" ind1=" " ind2=" ">
   <subfield code="a">ger</subfield>
  </datafield>
  <datafield tag="044" ind1=" " ind2=" ">
   <subfield code="c">XA-DE-BY</subfield>
  </datafield>
  <datafield tag="082" ind1="0" ind2="4">
   <subfield code="a">720</subfield>
  </datafield>
  <datafield tag="084" ind1=" " ind2=" ">
   <subfield code="a">9,10</subfield>
   <subfield code="2">ssgn</subfield>
  </datafield>
  <datafield tag="245" ind1="1" ind2="4">
   <subfield code="a">Das Königsberger Schloss</subfield>
   <subfield code="b">eine Bau- und Kulturgeschichte</subfield>
   <subfield code="c">hrsg. von der Stadtgemeinschaft Königsberg (Pr)</subfield>
  </datafield>
  <datafield tag="264" ind1=" " ind2="1">
   <subfield code="a">Regensburg</subfield>
   <subfield code="b">Schnell + Steiner</subfield>
   <subfield code="c">20XX-</subfield>
  </datafield>
  <datafield tag="300" ind1=" " ind2=" ">
   <subfield code="c">300 mm x 240 mm</subfield>
  </datafield>
  <datafield tag="336" ind1=" " ind2=" ">
   <subfield code="a">Text</subfield>
   <subfield code="b">txt</subfield>
   <subfield code="2">rdacontent</subfield>
  </datafield>
  <datafield tag="337" ind1=" " ind2=" ">
   <subfield code="a">ohne Hilfsmittel zu benutzen</subfield>
   <subfield code="b">n</subfield>
   <subfield code="2">rdamedia</subfield>
  </datafield>
  <datafield tag="338" ind1=" " ind2=" ">
   <subfield code="a">Band</subfield>
   <subfield code="b">nc</subfield>
   <subfield code="2">rdacarrier</subfield>
  </datafield>
  <datafield tag="500" ind1=" " ind2=" ">
   <subfield code="a">Bd. 1 von Wulf D. Wagner, Bd. 2 von Wulf D. Wagner und Heinrich Lange</subfield>
  </datafield>
  <datafield tag="515" ind1=" " ind2=" ">
   <subfield code="a">Bd. 1 (2008) -</subfield>
  </datafield>
  <datafield tag="700" ind1="1" ind2=" ">
   <subfield code="a">Wagner, Wulf Dietrich</subfield>
   <subfield code="d">1969-</subfield>
   <subfield code="0">(DE-588)123000211</subfield>
   <subfield code="0">(DE-627)082286086</subfield>
   <subfield code="0">(DE-576)174864205</subfield>
   <subfield code="4">oth</subfield>
  </datafield>
  <datafield tag="700" ind1="1" ind2=" ">
   <subfield code="a">Lange, Heinrich</subfield>
   <subfield code="d">1951-2013</subfield>
   <subfield code="0">(DE-588)124095496</subfield>
   <subfield code="0">(DE-627)085634328</subfield>
   <subfield code="0">(DE-576)294018190</subfield>
   <subfield code="4">oth</subfield>
  </datafield>
  <datafield tag="710" ind1="2" ind2=" ">
   <subfield code="a">Stadtgemeinschaft Königsberg Pr.</subfield>
   <subfield code="0">(DE-588)2128389-8</subfield>
   <subfield code="0">(DE-627)12366795X</subfield>
   <subfield code="0">(DE-576)194383490</subfield>
   <subfield code="4">oth</subfield>
  </datafield>
  <datafield tag="787" ind1="0" ind2="8">
   <subfield code="i">Rezensiert in</subfield>
   <subfield code="a">Baier, Christof, 1969 - </subfield>
   <subfield code="t">[Rezension von: Wulf D. Wagner, Das Königsberger Schloss. Eine Bau- und Kulturgeschichte]</subfield>
   <subfield code="d">2011</subfield>
   <subfield code="w">(DE-627)1806549190</subfield>
  </datafield>
  <datafield tag="951" ind1=" " ind2=" ">
   <subfield code="a">MC</subfield>
  </datafield>
  <datafield tag="991" ind1=" " ind2=" ">
   <subfield code="a">Rezensiertes Werk</subfield>
  </datafield>
  <datafield tag="999" ind1=" " ind2=" ">
   <subfield code="a">KXP-PPN1333528949</subfield>
   <subfield code="e">415690914X</subfield>
  </datafield>
 </record>
</collection>
